Atlas de los mundos antiguos

Збережено в:
Бібліографічні деталі
Автор: Millard, Anne (autora)
Формат: Книга
Мова:Іспанська
Опубліковано: Ciudad de México Diana 1994
Серія:Dorling Kindessley
Предмети:
Теги: Додати тег
Немає тегів, Будьте першим, хто поставить тег для цього запису!

MARC

LEADER 00000nam a2200000 a 4500
001 UCY5237
003 CL-VaPUC
008 950420e19940000MX |||||||||||||||||spa|d
082 0 4 |a 909  |b MIL  |2 21 
100 |a Millard, Anne  |e autora  |9 543590 
245 1 0 |a Atlas de los mundos antiguos 
300 |a 64 p 
942 |c BK 
945 |d 19950420 00:00:00  |a oaravena 
260 |a Ciudad de México  |b Diana  |c 1994 
650 0 |a Civilizaciones antiguas  |9 265998 
650 0 |a Atlas   |9 260843 
583 |a last modification  |c 20180417 03:52:17  |k Rodrigo Vera 
490 0 |a Dorling Kindessley 
999 |c 232937  |d 232935 
952 |0 0  |1 0  |4 0  |6 909_000000000000000_MIL_1994  |7 0  |8 X  |9 237947  |a BIBHIS  |b BIBHIS  |d 2019-11-18  |i 3078256  |o 909 MIL 1994  |p 3078256  |r 2024-01-30  |w 2019-11-18  |y BK_X  |k HIS